000 00327nam a2200133 a 4500
005 20140414132113.0
008 110815s19uu xx 00 eng d
050 _aREF 030
_bM11 1993
100 _aMckie, Anne
245 _aPicture Encyclopedia.
260 _aChina :
_bGrandreams,
_c1993.
999 _c114823
_d114823